| 000 | 00497nam a2200205Ia 4500 | ||
|---|---|---|---|
| 005 | 20250425161216.0 | ||
| 008 | 250425s9999 xx 000 0 und d | ||
| 020 | _a0134631412 | ||
| 041 | _aeng | ||
| 082 | _a613.62 | ||
| 100 | _aASFAHL, C.RAY | ||
| 245 | 0 | _aINDUSTRIAL SAFETY AND HEALTH MANAGEMENT | |
| 250 | _a1ST ED. | ||
| 260 | _aENGLEWOOD | ||
| 260 |
_aEstados Unidos _bPRENTICE HALL _c1984 |
||
| 300 | _a386 | ||
| 650 | _aACCIDENTE OCUPACIONAL | ||
| 942 | _c01 | ||
| 010 | _a15110 | ||
| 999 |
_c204593 _d204593 |
||